000 00813cam a2200277 a 4500
999 _c8130
_d8130
001 8130
003 BD-JhCC
005 20180218194924.0
008 740903s1973 ii a b 000 0 eng
035 _a(BD-JhCC)8130
035 _a196691
040 _aLC
_cLC
_dNUN
_dBD-JhCC
041 _aeng
050 0 0 _aML338
_b.P72 1973
082 1 4 _a781.7/54
_219
_bPRA 1973
082 1 4 _a781.7/54
100 0 _aPrajnanananda,
_cSwami,
_d1907-
245 1 4 _aThe historical development of Indian music :
_ba critical study /
_cby Swami Prajnanananda.
250 _a[2d new ed.]
260 _aCalcutta,
_bFirma K. L. Mukhopadhyay,
_c1973.
300 _axv, 495 p. :
_bill. ;
_c22 cm.
504 _aBibliography: p. [486]-495.
650 0 _aMusic
_zIndia
_xHistory and criticism.
942 _2ddc
_cBK